|
|
|
|
| LEADER |
00000cam a2200000 a 4500 |
| 001 |
93236 |
| 005 |
20240113062605.0 |
| 008 |
000000|1961 ||||||||r|||||||||||spa|| |
| 040 |
|
|
|b spa
|
| 041 |
1 |
|
|a spa
|
| 082 |
0 |
|
|a 323
|
| 100 |
1 |
|
|9 42721
|a Lovato, Juan Isaac
|
| 245 |
1 |
1 |
|a Reflexiones sobre la libertad de expresión del pensamiento
|c Juan Isaac Lovato
|h imp
|
| 264 |
|
|
|a Quito
|b Editorial Universitaria
|c 1961
|
| 300 |
|
|
|a 95 páginas:
|c 21.5 cm
|
| 650 |
1 |
|
|a Libertad
|9 8141
|
| 650 |
1 |
4 |
|a Política
|9 95
|
| 650 |
1 |
4 |
|a Derecho
|9 229
|
| 852 |
|
|
|a UC-CDJBV
|c PRIMER PISO
|f Compra
|k sara.alvarado
|l 1
|m General
|p 00000000
|r 2
|t 93236
|b 0
|d CDRC
|e CDRC
|g 323 PRIMER PISO
|z 0000-00-00
|
| 942 |
|
|
|c BK
|0 1
|
| 999 |
|
|
|c 26027
|d 26027
|